[Event "BCF-chT4 2223 (4NCL)"]
[Site "England"]
[Date "2023.02.05"]
[Round "6.65"]
[White "Cresswell, Mike J"]
[Black "Michener, Max"]
[Result "1/2-1/2"]
[WhiteElo "1592"]
[BlackElo "1502"]
[PlyCount "65"]
[EventDate "2022.11.05"]
[EventType "team-swiss"]
[EventRounds "11"]
[EventCountry "ENG"]
[SourceTitle "EXT 2024"]
[Source "ChessBase"]
[SourceDate "2023.10.10"]
[SourceVersion "1"]
[SourceVersionDate "2023.10.10"]
[SourceQuality "1"]
[WhiteTeam "Kingston II"]
[BlackTeam "Barnet Knights III"]
[WhiteTeamCountry "ENG"]
[BlackTeamCountry "ENG"]

1. e4 e5 2. Nf3 Nc6 3. d4 exd4 4. c3 dxc3 5. Bc4 Bc5 6. Nxc3 d6 7. 0-0 Bg4 8. Be2 Nf6 9. h3 Bd7 10. Bg5 h6 11. Bh4 g5 12. Bg3 Qe7 13. Nd2 0-0-0 14. Nd5 Nxd5 15. exd5 Nd4 16. Bd3 Bf5 17. Re1 Qf6 18. Ne4 Bxe4 19. Rxe4 Nf5 20. Qf3 Bd4 21. Rxd4 Qxd4 22. Qxf5+ Kb8 23. Rb1 h5 24. Qe4 Qxe4 25. Bxe4 Rh6 26. h4 gxh4 27. Bxh4 Re8 28. Bg5 Rhh8 29. Bf6 Rhg8 30. Bf3 Rg6 31. Bc3 Rg5 32. Kf1 Kc8 33. Re1 1/2-1/2

[Event "GBR-ch Seniors 50 108th"]
[Site "Torquay"]
[Date "2022.08.10"]
[Round "3"]
[White "McCarron, Peter DJ"]
[Black "Cresswell, Mike J"]
[Result "1-0"]
[WhiteElo "1616"]
[BlackElo "1606"]
[PlyCount "79"]
[EventDate "2022.08.08"]
[EventType "swiss"]
[EventRounds "7"]
[EventCountry "ENG"]
[SourceTitle "EXT 2024"]
[Source "ChessBase"]
[SourceDate "2023.10.10"]
[SourceVersion "1"]
[SourceVersionDate "2023.10.10"]
[SourceQuality "1"]

1. c4 Nf6 2. Nc3 g6 3. g3 Bg7 4. Bg2 c6 5. e4 d6 6. Nge2 0-0 7. d3 Bg4 8. 0-0 Qc8 9. Be3 Bh3 10. f3 Bxg2 11. Kxg2 Nbd7 12. Qd2 Rd8 13. h3 Nf8 14. Rac1 e5 15. f4 Rd7 16. f5 Ne8 17. g4 f6 18. Ng3 g5 19. Rh1 Qd8 20. h4 h6 21. hxg5 hxg5 22. Rh3 d5 23. cxd5 cxd5 24. Nxd5 Rxd5 25. exd5 Qxd5+ 26. Ne4 Rd8 27. b3 Qxd3 28. Qxd3 Rxd3 29. Bxa7 Rd7 30. Rhc3 Nd6 31. Nxd6 Rxd6 32. Kf3 Ra6 33. Bc5 Rxa2 34. b4 Nd7 35. Rb1 b6 36. Be3 Bf8 37. Rc4 b5 38. Rc8 e4+ 39. Kxe4 Ne5 40. Bxg5 1-0

[Event "Hastings Masters op 95th"]
[Site "Hastings"]
[Date "2019.12.28"]
[Round "1"]
[White "Ortiz Sanchez, Luis"]
[Black "Cresswell, Mike J"]
[Result "1-0"]
[WhiteElo "1947"]
[BlackElo "1662"]
[PlyCount "63"]
[EventDate "2019.12.28"]
[EventType "swiss"]
[EventRounds "9"]
[EventCountry "ENG"]
[SourceTitle "CBM 194 Extra"]
[Source "ChessBase"]
[SourceDate "2020.03.31"]
[SourceVersion "1"]
[SourceVersionDate "2020.03.31"]
[SourceQuality "1"]

1. e4 Nf6 2. e5 Nd5 3. d4 d6 4. Nf3 Bg4 5. Be2 e6 6. h3 Bh5 7. 0-0 Be7 8. exd6 cxd6 9. c4 Nf6 10. Nc3 0-0 11. d5 e5 12. Be3 Nbd7 13. Rc1 a6 14. Nd2 Bxe2 15. Qxe2 Rc8 16. f4 Re8 17. Qf2 Nh5 18. Ne2 Nxf4 19. Nxf4 exf4 20. Bxf4 Nf6 21. Kh1 Qd7 22. b3 Bf8 23. Qf3 h6 24. Bxh6 gxh6 25. Qxf6 Re2 26. Rf2 Rce8 27. Qf3 Rxf2 28. Qxf2 Re5 29. Nf3 Re4 30. Rf1 Qe7 31. Nd4 Qe5 32. Qxf7+ 1-0

[Event "GBR-ch 65+ 106th"]
[Site "Torquay"]
[Date "2019.08.04"]
[Round "7.24"]
[White "Cresswell, Mike J"]
[Black "Hughes, Peter2222"]
[Result "0-1"]
[WhiteElo "1685"]
[BlackElo "1794"]
[PlyCount "72"]
[EventDate "2019.07.29"]
[EventType "swiss"]
[EventRounds "7"]
[EventCountry "ENG"]
[SourceTitle "EXT 2021"]
[Source "ChessBase"]
[SourceDate "2020.10.23"]
[SourceVersion "1"]
[SourceVersionDate "2020.10.23"]
[SourceQuality "1"]

1. e4 d6 2. d4 Nf6 3. Nc3 e5 4. dxe5 dxe5 5. Qxd8+ Kxd8 6. Bg5 Be6 7. 0-0-0+ Nbd7 8. Nf3 Kc8 9. h3 Bc5 10. Bh4 h6 11. Bb5 c6 12. Ba4 b5 13. Bb3 Bxb3 14. axb3 Nh5 15. Ne2 Nf4 16. Nc3 f6 17. g4 Kc7 18. Ng1 g5 19. Bg3 h5 20. Nge2 Ng6 21. f3 a5 22. Rd3 Nf4 23. Nxf4 exf4 24. Be1 Ne5 25. Nxb5+ cxb5 26. Rd5 Be3+ 27. Kb1 b4 28. c3 Nxf3 29. cxb4 Nxe1 30. Rxe1 hxg4 31. hxg4 axb4 32. Re2 Rh1+ 33. Kc2 Rc1+ 34. Kd3 Rd8 35. Rh2 Rd1+ 36. Kc4 Rd4+ 0-1

[Event "GBR-ch 65+ 106th"]
[Site "Torquay"]
[Date "2019.08.02"]
[Round "5.24"]
[White "Moore, Gillian A"]
[Black "Cresswell, Mike J"]
[Result "1/2-1/2"]
[WhiteElo "1807"]
[BlackElo "1685"]
[PlyCount "69"]
[EventDate "2019.07.29"]
[EventType "swiss"]
[EventRounds "7"]
[EventCountry "ENG"]
[SourceTitle "EXT 2021"]
[Source "ChessBase"]
[SourceDate "2020.10.23"]
[SourceVersion "1"]
[SourceVersionDate "2020.10.23"]
[SourceQuality "1"]

1. d4 Nf6 2. Nc3 g6 3. Bf4 d6 4. Qd2 Bf5 5. f3 Nc6 6. e4 Bd7 7. d5 Ne5 8. 0-0-0 h6 9. h4 c6 10. dxc6 Nxc6 11. g4 Qa5 12. Kb1 Be6 13. Nge2 0-0-0 14. Nd4 Nxd4 15. Qxd4 Bg7 16. Bc4 Nd5 17. Qxg7 Nxf4 18. Qd4 Qc5 19. Qxc5+ dxc5 20. Nd5 Nxd5 21. exd5 Bd7 22. c3 f5 23. g5 hxg5 24. hxg5 b5 25. Be2 c4 26. f4 Kc7 27. Bf3 Kd6 28. Kc2 a5 29. Rde1 Rde8 30. a3 Kc5 31. Kd2 Kd6 32. Reg1 e6 33. dxe6 Rxh1 34. Rxh1 Rxe6 35. Rh6 1/2-1/2

[Event "GBR-ch 65+ 106th"]
[Site "Torquay"]
[Date "2019.07.30"]
[Round "2"]
[White "Jones, Chris"]
[Black "Cresswell, Mike J"]
[Result "1-0"]
[WhiteElo "2036"]
[BlackElo "1685"]
[PlyCount "39"]
[EventDate "2019.07.29"]
[EventType "swiss"]
[EventRounds "7"]
[EventCountry "ENG"]
[SourceTitle "EXT 2020"]
[Source "ChessBase"]
[SourceDate "2019.10.17"]
[SourceVersion "1"]
[SourceVersionDate "2019.10.17"]
[SourceQuality "1"]

1. d4 Nf6 2. Bf4 g6 3. Nc3 d6 4. e4 Bg7 5. Qd2 Nc6 6. 0-0-0 Bd7 7. Nf3 h6 8. h3 Nh5 9. Be3 e5 10. g4 exd4 11. Nxd4 Nxd4 12. Bxd4 Bxd4 13. Qxd4 Qg5+ 14. Kb1 0-0 15. gxh5 gxh5 16. Be2 Qa5 17. Nd5 Rfd8 18. Nf6+ Kf8 19. Nxd7+ Rxd7 20. Qh8+ 1-0

[Event "BCF-chT4S 1819 (4NCL)"]
[Site "England"]
[Date "2019.05.06"]
[Round "11.124"]
[White "Tarr, Steve"]
[Black "Cresswell, Mike J"]
[Result "1-0"]
[WhiteElo "1757"]
[BlackElo "1695"]
[PlyCount "121"]
[EventDate "2018.11.17"]
[EventType "team-swiss"]
[EventRounds "11"]
[EventCountry "ENG"]
[SourceTitle "EXT 2021"]
[Source "ChessBase"]
[SourceDate "2020.10.23"]
[SourceVersion "1"]
[SourceVersionDate "2020.10.23"]
[SourceQuality "1"]
[WhiteTeam "Shropshire III"]
[BlackTeam "CSC Dragons III"]
[WhiteTeamCountry "ENG"]
[BlackTeamCountry "ENG"]

1. d4 Nf6 2. Bf4 g6 3. Nc3 d6 4. e4 Bg7 5. Qd2 Nc6 6. 0-0-0 Bd7 7. Nf3 Qc8 8. e5 Nh5 9. Bh6 dxe5 10. Bxg7 Nxg7 11. dxe5 Bg4 12. Bb5 Bxf3 13. gxf3 0-0 14. Nd5 Nf5 15. Qg5 Nxe5 16. Nxe7+ Nxe7 17. Qxe5 Nc6 18. Qf6 Qe6 19. Qxe6 fxe6 20. Bxc6 bxc6 21. Rhe1 Rxf3 22. Rxe6 Rxf2 23. h4 Rf7 24. Rg1 Kf8 25. Rxc6 Re8 26. Ra6 c5 27. Rc6 Re5 28. a4 Rf4 29. Rc7 Rxa4 30. Rf1+ Rf5 31. Rxf5+ gxf5 32. Rxc5 Rxh4 33. Rxf5+ Ke7 34. Ra5 Rh2 35. Rxa7+ Kd6 36. b4 h5 37. Rh7 h4 38. Rh6+ Kc7 39. Kb2 h3 40. Kc3 Rh1 41. Kc4 h2 42. c3 Kb7 43. Kb5 Rc1 44. Rh7+ Kb8 45. Rxh2 Rxc3 46. Kb6 Rc8 47. b5 Rg8 48. Ka6 Rg3 49. Rh8+ Kc7 50. b6+ Kc6 51. Rc8+ Kd7 52. Rc2 Ra3+ 53. Kb7 Kd6 54. Kb8 Rh3 55. b7 Kd7 56. Rc4 Rh2 57. Ka7 Ra2+ 58. Kb8 Rh2 59. Ra4 Kc6 60. Ka8 Kb5 61. b8Q+ 1-0

[Event "ENG-ch Seniors 65"]
[Site "Solihull"]
[Date "2019.04.05"]
[Round "2"]
[White "Slinger, Tony J"]
[Black "Cresswell, Mike J"]
[Result "1-0"]
[WhiteElo "1859"]
[BlackElo "1695"]
[PlyCount "115"]
[EventDate "2019.04.04"]
[EventType "swiss"]
[EventRounds "6"]
[EventCountry "ENG"]
[SourceTitle "CBM 190 Extra"]
[Source "ChessBase"]
[SourceDate "2019.07.15"]
[SourceVersion "1"]
[SourceVersionDate "2019.07.15"]
[SourceQuality "1"]

1. d4 Nf6 2. Nf3 g6 3. g3 Bg7 4. c4 c5 5. Bg2 0-0 6. 0-0 cxd4 7. Nxd4 Nc6 8. Nc3 Nxd4 9. Qxd4 d6 10. b3 Ne4 11. Qxe4 Bxc3 12. Bh6 Bxa1 13. Bxf8 Qxf8 14. Rxa1 Rb8 15. Rc1 b6 16. Qd4 Qg7 17. e3 Qxd4 18. exd4 Bb7 19. f4 Bxg2 20. Kxg2 Kf8 21. Kf3 f5 22. Ke3 Re8 23. Rc2 e5 24. fxe5 dxe5 25. dxe5 Rxe5+ 26. Kd4 Re4+ 27. Kd5 Kf7 28. Kc6 g5 29. b4 Kf6 30. Kb7 Re7+ 31. Ka6 f4 32. gxf4 gxf4 33. c5 bxc5 34. bxc5 Kf5 35. c6 Rc7 36. Kb5 Ke4 37. Kc5 Ke3 38. Rc1 f3 39. Kd6 Kd2 40. Rc5 f2 41. Rf5 Rxc6+ 42. Kxc6 Ke2 43. a4 f1Q 44. Rxf1 Kxf1 45. a5 Kg2 46. h4 h5 47. Kb7 Kg3 48. Kxa7 Kxh4 49. Kb6 Kg3 50. a6 h4 51. a7 h3 52. a8Q h2 53. Qh1 Kh3 54. Kc5 Kg3 55. Kd4 Kh3 56. Ke3 Kg3 57. Ke2 Kh3 58. Kf3 1-0

[Event "BCF-ch Seniors 65"]
[Site "Hull"]
[Date "2018.08.03"]
[Round "6"]
[White "Procter, Colin S"]
[Black "Cresswell, Mike J"]
[Result "1/2-1/2"]
[WhiteElo "1780"]
[BlackElo "1692"]
[PlyCount "48"]
[EventDate "2018.07.29"]
[EventType "swiss"]
[EventRounds "7"]
[EventCountry "ENG"]
[SourceTitle "EXT 2021"]
[Source "ChessBase"]
[SourceDate "2020.10.23"]
[SourceVersion "1"]
[SourceVersionDate "2020.10.23"]
[SourceQuality "1"]

1. d4 Nf6 2. Bf4 g6 3. Nc3 d6 4. e4 Bg7 5. Qd2 Nc6 6. Nf3 0-0 7. 0-0-0 Bg4 8. h3 Bxf3 9. gxf3 e5 10. dxe5 Nxe5 11. Be2 Qe8 12. Bh6 Qe6 13. Bxg7 Kxg7 14. Nd5 Nxd5 15. Qxd5 Qxd5 16. Rxd5 f5 17. f4 Nc6 18. exf5 Rxf5 19. Rxf5 gxf5 20. c3 Ne7 21. Bf3 c6 22. Rg1+ Kf6 23. Rg5 Rg8 24. Rxg8 Nxg8 1/2-1/2

[Event "GBR-ch 105th Morning op"]
[Site "Hull"]
[Date "2018.08.03"]
[Round "5"]
[White "Rutherford, William"]
[Black "Cresswell, Mike J"]
[Result "1-0"]
[WhiteElo "1962"]
[BlackElo "1692"]
[PlyCount "113"]
[EventDate "2018.07.30"]
[EventType "swiss"]
[EventRounds "5"]
[EventCountry "ENG"]
[SourceTitle "EXT 2019"]
[Source "ChessBase"]
[SourceDate "2018.10.10"]
[SourceVersion "1"]
[SourceVersionDate "2018.10.10"]
[SourceQuality "1"]

1. d4 Nf6 2. c4 c5 3. d5 b5 4. cxb5 a6 5. Nc3 g6 6. e4 d6 7. Qa4 Bd7 8. Nf3 Bg7 9. Bf4 0-0 10. Be2 Nh5 11. Bg5 Bf6 12. Bd2 Qc7 13. 0-0 Ra7 14. Qb3 axb5 15. Bxb5 Rb7 16. a4 Na6 17. Qc4 Nb4 18. h3 Rfb8 19. Kh2 e5 20. Bxd7 Qxd7 21. Nb5 Na6 22. g3 Nc7 23. Nxc7 Qxc7 24. Bc3 Bg7 25. a5 f5 26. Ng5 Bf6 27. Ne6 Qe7 28. f3 Ng7 29. Nxg7 Bxg7 30. Ra3 Qg5 31. Qe2 Bf6 32. a6 Ra7 33. Rfa1 Bd8 34. R3a2 Bb6 35. Bd2 Qd8 36. Qc4 Qc8 37. Kg2 Bd8 38. b4 cxb4 39. Qxc8 Rxc8 40. Bxb4 Be7 41. Bd2 Rb8 42. Be3 Raa8 43. a7 Rb3 44. Kf2 Bd8 45. Rc2 Bb6 46. Bxb6 Rxb6 47. Rc6 Rb7 48. Rxd6 Rbxa7 49. Rxa7 Rxa7 50. Re6 Ra2+ 51. Ke3 Ra3+ 52. Ke2 Ra2+ 53. Kd3 Ra3+ 54. Kc4 Rxf3 55. d6 fxe4 56. d7 Rf8 57. Re8 1-0

[Event "GBR-ch 105th Morning op"]
[Site "Hull"]
[Date "2018.08.02"]
[Round "4"]
[White "Cresswell, Mike J"]
[Black "Iyengar, Ilya"]
[Result "0-1"]
[WhiteElo "1692"]
[BlackElo "2017"]
[PlyCount "104"]
[EventDate "2018.07.30"]
[EventType "swiss"]
[EventRounds "5"]
[EventCountry "ENG"]
[SourceTitle "EXT 2019"]
[Source "ChessBase"]
[SourceDate "2018.10.10"]
[SourceVersion "1"]
[SourceVersionDate "2018.10.10"]
[SourceQuality "1"]

1. e4 c5 2. Nf3 e6 3. d4 cxd4 4. Nxd4 Nf6 5. Nc3 d6 6. Bd3 Nc6 7. Nf3 a6 8. a3 b5 9. 0-0 Bb7 10. h3 Be7 11. Be3 0-0 12. Nh2 d5 13. exd5 Nxd5 14. Nxd5 Qxd5 15. Be2 Nd4 16. f3 Bc5 17. b4 Nxf3+ 18. Bxf3 Bxe3+ 19. Kh1 Qxd1 20. Raxd1 Rab8 21. Rd7 Bxf3 22. Rxf3 Bb6 23. Ng4 Rbd8 24. Rb7 Bd4 25. c3 h5 26. cxd4 hxg4 27. hxg4 Rxd4 28. Ra7 Rxg4 29. Rxa6 Rg5 30. Ra7 Rd5 31. Kg1 g5 32. Rc3 Rfd8 33. Rcc7 Rf5 34. Rd7 Rxd7 35. Rxd7 Kg7 36. Kh2 Re5 37. Rb7 Kg6 38. g4 Re2+ 39. Kg3 Re3+ 40. Kf2 Rxa3 41. Rxb5 Rb3 42. Rb8 Kf6 43. b5 Ke5 44. b6 Kf4 45. Rb7 f5 46. gxf5 exf5 47. Rb8 Rb2+ 48. Ke1 g4 49. b7 g3 50. Kd1 g2 51. Rg8 Kf3 52. b8Q Rxb8 0-1

[Event "BCF-ch Seniors 65"]
[Site "Hull"]
[Date "2018.07.29"]
[Round "1"]
[White "Cresswell, Mike J"]
[Black "Crombleholme, Alan K"]
[Result "0-1"]
[WhiteElo "1692"]
[BlackElo "1974"]
[PlyCount "120"]
[EventDate "2018.07.29"]
[EventType "swiss"]
[EventRounds "7"]
[EventCountry "ENG"]
[SourceTitle "CBM 185 Extra"]
[Source "ChessBase"]
[SourceDate "2018.07.29"]
[SourceVersion "1"]
[SourceVersionDate "2018.07.29"]
[SourceQuality "1"]

1. e4 Nf6 2. Nc3 e5 3. Nf3 Nc6 4. h3 Bb4 5. d3 0-0 6. Bd2 d5 7. Nxd5 Nxd5 8. exd5 Bxd2+ 9. Qxd2 Qxd5 10. Be2 Bd7 11. 0-0 Rad8 12. Rfd1 h6 13. c3 Rfe8 14. Ne1 Bf5 15. Nc2 Qe6 16. Ne3 Bg6 17. Qe1 Kh8 18. b3 f5 19. Rd2 f4 20. Ng4 Bf5 21. Rad1 Qg6 22. Kh1 Rd6 23. Bf3 Rde6 24. Be4 Nd8 25. Bxf5 Qxf5 26. Qe4 Qf8 27. Nh2 Qc5 28. Qc4 Qxc4 29. dxc4 Nf7 30. Rd7 R8e7 31. f3 Nd6 32. Rxe7 Rxe7 33. Ng4 e4 34. c5 Nf5 35. fxe4 Rxe4 36. Kg1 Ng3 37. Kf2 h5 38. Nh2 Re2+ 39. Kf3 Rxa2 40. Rd7 Rc2 41. Rxc7 g5 42. Rxb7 Rxc3+ 43. Kf2 Rxc5 44. Rxa7 Rc2+ 45. Ke1 Rxg2 46. Nf3 g4 47. hxg4 hxg4 48. Ra8+ Kg7 49. Ra7+ Kf6 50. Ra6+ Ke7 51. Ra7+ Kd6 52. Nd2 f3 53. Rf7 Re2+ 54. Kd1 f2 55. Rf4 Rxd2+ 56. Kxd2 f1Q 57. Rxf1 Nxf1+ 58. Ke2 Ng3+ 59. Ke3 Nf5+ 60. Kf4 g3 0-1

[Event "BCF-chT4S 1718 (4NCL)"]
[Site "England"]
[Date "2018.03.25"]
[Round "8.205"]
[White "Kadambadi, Nikhil"]
[Black "Cresswell, Mike J"]
[Result "1/2-1/2"]
[WhiteElo "1651"]
[BlackElo "1700"]
[PlyCount "74"]
[EventDate "2017.11.11"]
[EventType "team-swiss"]
[EventRounds "11"]
[EventCountry "ENG"]
[SourceTitle "EXT 2020"]
[Source "ChessBase"]
[SourceDate "2019.10.17"]
[SourceVersion "1"]
[SourceVersionDate "2019.10.17"]
[SourceQuality "1"]
[WhiteTeam "Camberley Juniors"]
[BlackTeam "CSC Dragons III"]
[WhiteTeamCountry "ENG"]
[BlackTeamCountry "ENG"]

1. e4 e5 2. Nf3 Nc6 3. d4 exd4 4. Nxd4 Nxd4 5. Qxd4 d6 6. Bc4 Qf6 7. Be3 Qxd4 8. Bxd4 Be6 9. Bxe6 fxe6 10. Nc3 a6 11. f4 Nf6 12. 0-0-0 0-0-0 13. Rhe1 Nd7 14. e5 dxe5 15. Bxe5 Nxe5 16. Rxe5 Bd6 17. Re4 Rde8 18. Rde1 Kd7 19. g3 Rhf8 20. a3 h6 21. R4e2 Rf5 22. Ne4 g5 23. fxg5 hxg5 24. g4 Rff8 25. Kb1 e5 26. Nxg5 Rg8 27. Ne4 Be7 28. h3 Rh8 29. Rh1 Ref8 30. Ng3 Rf3 31. Nh5 Bd6 32. h4 Rhf8 33. g5 Rf1+ 34. Re1 Rxh1 35. Rxh1 Be7 36. Kc1 Rh8 37. Ng3 Rxh4 1/2-1/2

[Event "BCF-chT4S 1718 (4NCL)"]
[Site "England"]
[Date "2018.03.24"]
[Round "7.205"]
[White "Kadambadi, Nikhil"]
[Black "Cresswell, Mike J"]
[Result "1-0"]
[WhiteElo "1651"]
[BlackElo "1700"]
[PlyCount "93"]
[EventDate "2017.11.11"]
[EventType "team-swiss"]
[EventRounds "11"]
[EventCountry "ENG"]
[SourceTitle "EXT 2020"]
[Source "ChessBase"]
[SourceDate "2019.10.17"]
[SourceVersion "1"]
[SourceVersionDate "2019.10.17"]
[SourceQuality "1"]
[WhiteTeam "Camberley Juniors"]
[BlackTeam "CSC Dragons III"]
[WhiteTeamCountry "ENG"]
[BlackTeamCountry "ENG"]

1. e4 Nf6 2. e5 Nd5 3. d4 d6 4. c4 Nb6 5. exd6 exd6 6. Nc3 N8d7 7. Nf3 Nf6 8. Bd3 Be7 9. 0-0 0-0 10. Qc2 h6 11. h3 Re8 12. Re1 c6 13. Bf4 Be6 14. b3 d5 15. c5 Nbd7 16. Rab1 Qc8 17. b4 Bd8 18. Qd2 Bc7 19. Bxc7 Qxc7 20. b5 Reb8 21. Rec1 Nh5 22. Ne2 Qd8 23. Nf4 Nxf4 24. Qxf4 a6 25. bxc6 bxc6 26. Qd6 Qc8 27. Ne5 Nxe5 28. Qxe5 Rb7 29. Rxb7 Qxb7 30. Rb1 Qc8 31. Rb6 f6 32. Qd6 Bxh3 33. gxh3 Qxh3 34. Rb8+ Rxb8 35. Qxb8+ Kf7 36. Qc7+ Kf8 37. Bg6 Qg4+ 38. Qg3 Qc8 39. Bd3 Qb7 40. Qd6+ Kf7 41. Qg3 Qc8 42. Bg6+ Kg8 43. Kh2 a5 44. Qd6 Kh8 45. Qe7 Qb8+ 46. Kg2 Qc8 47. Qe8+ 1-0

[Event "BCF-chT4S 1718 (4NCL)"]
[Site "England"]
[Date "2018.02.11"]
[Round "6.93"]
[White "McMahon, Paul"]
[Black "Cresswell, Mike J"]
[Result "1-0"]
[WhiteElo "1964"]
[BlackElo "1700"]
[PlyCount "91"]
[EventDate "2017.11.11"]
[EventType "team-swiss"]
[EventRounds "11"]
[EventCountry "ENG"]
[SourceTitle "EXT 2020"]
[Source "ChessBase"]
[SourceDate "2019.10.17"]
[SourceVersion "1"]
[SourceVersionDate "2019.10.17"]
[SourceQuality "1"]
[WhiteTeam "Poisoned Pawns II"]
[BlackTeam "CSC Dragons III"]
[WhiteTeamCountry "ENG"]
[BlackTeamCountry "ENG"]

1. e4 Nf6 2. Nc3 d5 3. exd5 Nxd5 4. Bc4 e6 5. Nf3 Nf6 6. 0-0 Be7 7. d4 0-0 8. Bf4 a6 9. Qe2 Re8 10. Rad1 Nbd7 11. Bxe6 Bd6 12. Bxf7+ Kxf7 13. Ng5+ Kf8 14. Bxd6+ cxd6 15. Ne6+ Rxe6 16. Qxe6 Nb6 17. Qe2 Bf5 18. f3 d5 19. Rde1 Qd7 20. Nd1 Re8 21. Qd2 Nc4 22. Rxe8+ Nxe8 23. Qf4 Kg8 24. b3 Ncd6 25. Ne3 Nf6 26. Qe5 Be6 27. Re1 Nf7 28. Qb8+ Qc8 29. Qxc8+ Bxc8 30. Nxd5 Kf8 31. Nb6 Bf5 32. c4 Nd7 33. Nd5 Nd8 34. Kf2 Nc6 35. Ke3 Be6 36. Nc3 Nb4 37. Re2 Bf5 38. Ne4 Nf6 39. a3 Nc6 40. Nd6 Bd7 41. Nxb7 Ne8 42. Nc5 Bc8 43. d5 Ne5 44. Kd4 Nd7 45. Ne6+ Kf7 46. Ng5+ 1-0

[Event "BCF-ch Seniors 65"]
[Site "Llandudno"]
[Date "2017.08.04"]
[Round "6"]
[White "Cresswell, Mike J"]
[Black "Jestico, John V"]
[Result "1-0"]
[WhiteElo "1698"]
[BlackElo "1435"]
[PlyCount "89"]
[EventDate "2017.07.30"]
[EventType "swiss"]
[EventRounds "7"]
[EventCountry "WLS"]
[SourceTitle "CBM 179 Extra"]
[Source "ChessBase"]
[SourceDate "2017.08.23"]
[SourceVersion "1"]
[SourceVersionDate "2017.08.23"]
[SourceQuality "1"]

1. e4 e6 2. d4 d5 3. Nc3 Nf6 4. Bg5 Be7 5. e5 Nfd7 6. h4 h6 7. Bxe7 Qxe7 8. Qd2 c5 9. Nb5 Kd8 10. c3 c4 11. f4 b6 12. Nf3 Ba6 13. Nd6 b5 14. Be2 Nb6 15. h5 Nc8 16. Nxc8 Bxc8 17. Nh4 Nc6 18. Bg4 Kc7 19. 0-0-0 Bd7 20. f5 Qg5 21. fxe6 Qxg4 22. exd7 Qxd7 23. Rhf1 Qe6 24. Nf5 Rhg8 25. Nd6 a6 26. Rxf7+ Ne7 27. Rdf1 Ra7 28. Rf8 Ra8 29. Rxa8 Rxa8 30. Rf7 Rg8 31. Qf4 Kc6 32. Qh4 Nc8 33. Qf4 g5 34. Qf6 Qxf6 35. Rxf6 Nxd6 36. Rxd6+ Kb7 37. Rxh6 Rf8 38. Rf6 Rh8 39. h6 a5 40. e6 Kc7 41. e7 Re8 42. h7 Kd7 43. Rf8 Rxe7 44. h8Q Re1+ 45. Kd2 1-0

[Event "GBR-ch U1900 op 104th"]
[Site "Llandudno"]
[Date "2017.08.01"]
[Round "2"]
[White "Burton, Nick"]
[Black "Cresswell, Mike J"]
[Result "1-0"]
[WhiteElo "1892"]
[BlackElo "1698"]
[PlyCount "75"]
[EventDate "2017.07.31"]
[EventType "swiss"]
[EventRounds "5"]
[EventCountry "WLS"]
[SourceTitle "EXT 2019"]
[Source "ChessBase"]
[SourceDate "2018.10.10"]
[SourceVersion "1"]
[SourceVersionDate "2018.10.10"]
[SourceQuality "1"]

1. e4 Nf6 2. e5 Nd5 3. d4 d6 4. Bc4 e6 5. Nf3 Nb6 6. Bd3 Be7 7. 0-0 N8d7 8. Qe2 Nf8 9. Nbd2 d5 10. c3 Ng6 11. g3 Bd7 12. h4 Bc6 13. Re1 Qd7 14. Nf1 0-0-0 15. h5 Nf8 16. Bf4 h6 17. N1h2 g6 18. Ng4 g5 19. Bd2 Qe8 20. b3 Nbd7 21. b4 f5 22. exf6 Nxf6 23. Nxf6 Bxf6 24. Ne5 Bxe5 25. Qxe5 Rg8 26. g4 Rd6 27. Qe2 Qe7 28. b5 Be8 29. a4 Nd7 30. Bc1 c5 31. bxc6 Rxc6 32. Ba3 Qf6 33. Bb5 Rxc3 34. Rac1 Rxc1 35. Rxc1+ Kd8 36. Qc2 Nc5 37. Qxc5 Bxb5 38. Qc8# 1-0

[Event "BCF-chT4S 1617 (4NCL)"]
[Site "England"]
[Date "2017.05.01"]
[Round "11.46"]
[White "Eckert, Jonathan"]
[Black "Cresswell, Mike J"]
[Result "1/2-1/2"]
[WhiteElo "1594"]
[BlackElo "1701"]
[PlyCount "27"]
[EventDate "2016.11.26"]
[EventType "team-swiss"]
[EventRounds "11"]
[EventCountry "ENG"]
[SourceTitle "EXT 2019"]
[Source "ChessBase"]
[SourceDate "2018.10.10"]
[SourceVersion "1"]
[SourceVersionDate "2018.10.10"]
[SourceQuality "1"]
[WhiteTeam "West is Best II"]
[BlackTeam "CSC Rhinos"]
[WhiteTeamCountry "WLS"]
[BlackTeamCountry "ENG"]

1. e4 Nf6 2. Nc3 d5 3. e5 d4 4. exf6 dxc3 5. Nf3 cxd2+ 6. Bxd2 exf6 7. Bc4 Bd6 8. Qe2+ Qe7 9. Qxe7+ Bxe7 10. 0-0-0 0-0 11. Bf4 Be6 12. Bxe6 fxe6 13. Bxc7 Rc8 14. Bxb8 1/2-1/2

[Event "BCF-chT4S 1617 (4NCL)"]
[Site "England"]
[Date "2017.02.11"]
[Round "5.26"]
[White "Dixon, Chris"]
[Black "Cresswell, Mike J"]
[Result "1-0"]
[WhiteElo "1800"]
[BlackElo "1701"]
[PlyCount "103"]
[EventDate "2016.11.26"]
[EventType "team-swiss"]
[EventRounds "11"]
[EventCountry "ENG"]
[SourceTitle "EXT 2019"]
[Source "ChessBase"]
[SourceDate "2018.10.10"]
[SourceVersion "1"]
[SourceVersionDate "2018.10.10"]
[SourceQuality "1"]
[WhiteTeam "The Full Ponty"]
[BlackTeam "CSC Rhinos"]
[WhiteTeamCountry "WLS"]
[BlackTeamCountry "ENG"]

1. Nf3 Nf6 2. g3 g6 3. Bg2 Bg7 4. 0-0 c6 5. d3 0-0 6. Nbd2 d5 7. e4 dxe4 8. dxe4 Bg4 9. h3 Bxf3 10. Qxf3 e5 11. Nc4 Ne8 12. Qb3 Qc7 13. a4 Nd7 14. Be3 b6 15. Rfd1 Nc5 16. Bxc5 bxc5 17. Qe3 Nf6 18. Qxc5 Rfd8 19. Qxe5 Rxd1+ 20. Rxd1 Qxe5 21. Nxe5 Rc8 22. Nc4 Kf8 23. f4 Ke7 24. Kf2 Ne8 25. Bf3 Rd8 26. Rxd8 Kxd8 27. e5 c5 28. Ke3 Nc7 29. c3 f6 30. exf6 Bxf6 31. Ne5 Kc8 32. Kd3 g5 33. Bg4+ Kb7 34. Nd7 Be7 35. fxg5 Bxg5 36. Nxc5+ Kc6 37. Ne6 Nxe6 38. Bxe6 Bc1 39. b4 Bg5 40. c4 Bf6 41. c5 h5 42. Kc4 Be5 43. g4 hxg4 44. hxg4 Bg3 45. g5 Be5 46. g6 Bg7 47. b5+ Kc7 48. a5 Bf8 49. Kd5 Bg7 50. Bf5 Bf8 51. c6 Bg7 52. Ke6 1-0

[Event "BCF-chT4S 1617 (4NCL)"]
[Site "England"]
[Date "2016.11.27"]
[Round "2.105"]
[White "Cresswell, Mike J"]
[Black "Lovell, William Pm"]
[Result "1/2-1/2"]
[WhiteElo "1701"]
[BlackElo "1817"]
[PlyCount "42"]
[EventDate "2016.11.26"]
[EventType "team-swiss"]
[EventRounds "11"]
[EventCountry "ENG"]
[SourceTitle "EXT 2019"]
[Source "ChessBase"]
[SourceDate "2018.10.10"]
[SourceVersion "1"]
[SourceVersionDate "2018.10.10"]
[SourceQuality "1"]
[WhiteTeam "CSC Hippos"]
[BlackTeam "Wood Green II"]
[WhiteTeamCountry "ENG"]
[BlackTeamCountry "ENG"]

1. e4 c6 2. d4 d5 3. Nc3 dxe4 4. Nxe4 Bf5 5. Ng3 Bg6 6. Nf3 Nd7 7. Bd3 e6 8. Bxg6 hxg6 9. c3 Ngf6 10. Bg5 Qc7 11. Qc2 0-0-0 12. 0-0-0 Be7 13. Ne2 Nb6 14. Bf4 Bd6 15. Bxd6 Qxd6 16. Ne5 Qe7 17. Nf4 Nbd7 18. Nxd7 Rxd7 19. h3 Nd5 20. Nxd5 exd5 21. Qd2 Rd6 1/2-1/2